[Event "14th SC 1400/1800"]
[Site "SchemingMind.com"]
[Date "2006.07.21"]
[Round "-"]
[White "keen"]
[Black "Tipperary"]
[Result "1-0"]
[WhiteCountry "SCO"]
[BlackCountry "IRL"]
[WhiteElo "1780"]
[WhiteRD "66"]
[BlackElo "1397"]
[BlackRD "70"]
[GameID "60495"]

1. Nf3 d6 2. c4 b6 3. g3 Bf5 4. Bg2 c5 5. Nh4 Bxb1 6. Bxa8 g5 7. Rxb1 gxh4 8. d4 h3 9. dxc5 bxc5 10. b4 Qb6
11. Bb2 f6 12. bxc5 Qxc5 13. Bd4 Qa5+ 14. Kf1 Nd7 15. Bc6 Qc7 16. Qa4 Nh6 17. Rb7 Qd8 18. Rxd7 Kf7 19. Rxd8 Bg7 20. Be8+ Rxe8
21. Qxe8+ Ke6 22. c5 Nf5 23. Qd7+ Kf7 24. Qxf5 a5 25. cxd6 e6 26. Qh5#
1-0

[Event "14th SC 1400/1800"]
[Site "SchemingMind.com"]
[Date "2006.07.25"]
[Round "-"]
[White "Tipperary"]
[Black "keen"]
[Result "0-1"]
[WhiteCountry "IRL"]
[BlackCountry "SCO"]
[WhiteElo "1365"]
[WhiteRD "67"]
[BlackElo "1789"]
[BlackRD "67"]
[GameID "60496"]

1. e4 e6 2. Nh3 d5 3. d4 c5 4. Bb5+ Bd7 5. Bxd7+ Nxd7 6. Nc3 cxd4 7. Qxd4 Ngf6 8. e5 Bc5 9. Qf4 Nh5 10. Qg5 Qxg5
11. Nxg5 g6 12. Nb5 O-O 13. Be3 Bxe3 14. fxe3 Nxe5 15. O-O a6 16. Nd4 Rac8 17. g4 Nxg4 18. Rae1 Ne5 19. Rf2 h6 20. Ngf3 Nxf3+
21. Nxf3 Ng7 22. Ne5 Nf5 23. Nd7 Rfd8 24. Nf6+ Kg7 25. e4 Kxf6 26. exf5 gxf5 27. Re3 Rg8+ 28. Kf1 Rg4 29. h3 Re4 30. Ref3 Rd4
31. c3 Rd1+ 32. Ke2 Rb1 33. b4 Rb2+ 34. Kd3 Rxf2 35. Rxf2 e5 36. a3 Rg8 37. h4 Rg4 38. h5 Rh4 39. Ke3 Rxh5 40. Kf3 Rh3+
41. Kg2 Rxc3 42. a4 d4 43. a5 d3
0-1

[Event "14th SC 1400/1800"]
[Site "SchemingMind.com"]
[Date "2006.07.21"]
[Round "-"]
[White "Negrito19"]
[Black "keen"]
[Result "0-1"]
[WhiteCountry "ARG"]
[BlackCountry "SCO"]
[WhiteElo "1474"]
[WhiteRD "66"]
[BlackElo "1780"]
[BlackRD "66"]
[GameID "60517"]

1. e4 d5 2. e5 Bf5 3. d4 e6 4. a3 c5 5. Bb5+ Nd7 6. Nf3 a6 7. Ba4 b5 8. dxc5 bxa4 9. b4 Ne7 10. Nc3 Nc6
11. Nxa4 Be7 12. Be3 O-O 13. h4 Bg4 14. Qd3 Bxf3 15. gxf3 Ndxe5 16. Qe2 Nc4 17. Bg5 Bxg5 18. hxg5 Qxg5 19. Qd3 g6 20. Rd1 N6e5
21. Qc3 Qf4 22. Rh3 Qf5 23. Rg3 Nd7 24. Kf1 Nf6 25. Rd4 Nh5 26. Rgg4 Qe5 27. f4 Qf5 28. Rg5 Qf6 29. Nb6 Ra7 30. Qd3 Nxa3
31. c3 Nxf4 32. Qg3 Nh5 33. Rxh5 Qg7 34. Rhh4 a5 35. c6 Nb5 36. Rdf4 a4 37. Nd7 a3 38. Nf6+ Qxf6 39. Rxf6 a2 40. Rh6 a1=Q+
41. Kg2 Qb1 42. Qh3 Qe4+ 43. f3 Ra2+ 44. Kg3 Qe5+ 45. f4 Qxf6 46. Rxh7 Qxc3+ 47. Kg4 Qxh3+ 48. Rxh3 Rc2 49. Rh1 Rxc6 50. Ra1 Rc4
51. Ra5 Rxb4 52. Ra6 d4 53. Kf3 d3 54. Ke3 Rd8 55. Rc6 d2 56. Rc2 d1=Q 57. Re2 Qxe2+ 58. Kxe2 Rxf4 59. Ke3 Rdd4 60. Ke2 Ra4
0-1

[Event "14th SC 1400/1800"]
[Site "SchemingMind.com"]
[Date "2006.07.21"]
[Round "-"]
[White "Negrito19"]
[Black "Tipperary"]
[Result "1-0"]
[WhiteCountry "ARG"]
[BlackCountry "IRL"]
[WhiteElo "1474"]
[WhiteRD "66"]
[BlackElo "1397"]
[BlackRD "70"]
[GameID "60518"]

1. e4 Nc6 2. Bc4 e6 3. Nc3 Bc5 4. Qg4 g6 5. Nf3 Nb4 6. Bb3 h5 7. Qg3 Ne7 8. Qe5 O-O 9. Qxc5 Nec6 10. d4 b6
11. Qb5 Qf6 12. Bg5 a6 13. Bxf6 axb5 14. a3 Bb7 15. Nxb5 Rfc8 16. d5 exd5 17. exd5 Re8+ 18. Kd2 Nxc2 19. Bxc2 Ne7 20. Nxc7 Bxd5
21. Nxa8 Bxa8 22. Ng5 Nd5 23. Bd4 Nf4 24. Rhe1 Rc8 25. Bb3 d5 26. g3 Ne6 27. Nxe6 fxe6 28. Rxe6 g5 29. Rg6+ Kf7 30. Rxg5 Ke6
31. Re1+ Kd6 32. Ree5 Bc6 33. Bxd5 Bxd5 34. Rxd5+ Kc7 35. Rb5 Rd8 36. Ke3 Kc6 37. Rxb6+ Kc7 38. Rg7+ Rd7 39. Rxd7+ Kxd7 40. b4 Kc8
41. a4 Kc7 42. a5 h4 43. Be5+ Kd7 44. a6 hxg3 45. fxg3 Ke7 46. a7 Kf7 47. a8=Q Ke7 48. Qa7+
1-0

[Event "14th SC 1400/1800"]
[Site "SchemingMind.com"]
[Date "2006.07.21"]
[Round "-"]
[White "keen"]
[Black "Negrito19"]
[Result "1-0"]
[WhiteCountry "SCO"]
[BlackCountry "ARG"]
[WhiteElo "1780"]
[WhiteRD "66"]
[BlackElo "1474"]
[BlackRD "66"]
[GameID "60519"]

1. Nf3 d5 2. g3 Nf6 3. Bg2 Nc6 4. O-O Bf5 5. d3 h6 6. Nbd2 e5 7. c4 e4 8. dxe4 dxe4 9. Nh4 Bg4 10. Nxe4 Nxe4
11. Bxe4 Qf6 12. Bg2 Bd6 13. Nf3 O-O-O 14. Qa4 Bc5 15. Qb5 Bd4 16. Nxd4 Rxd4 17. Be3 a6 18. Bxd4 Qxd4 19. Qb3 Bxe2 20. Rfe1 Bxc4
21. Qf3 Bd5 22. Qf5+ Be6 23. Qc2 Na5 24. Rac1 c6 25. a3 Bb3 26. Qf5+ Kb8 27. Qxa5 g5 28. Bxc6 Bc4 29. Re7 Qxb2 30. Rxb7+ Qxb7
31. Bxb7 Kxb7 32. Rxc4 Rc8 33. Rxc8 Kxc8 34. Qxa6+ Kd7 35. Qb6 f5 36. a4 h5 37. a5 g4 38. a6 h4 39. a7 hxg3 40. hxg3 f4
41. a8=Q fxg3 42. Qaa7+ Kc8 43. Qbc7#
1-0

[Event "14th SC 1400/1800"]
[Site "SchemingMind.com"]
[Date "2006.07.26"]
[Round "-"]
[White "Tipperary"]
[Black "Negrito19"]
[Result "0-1"]
[WhiteCountry "IRL"]
[BlackCountry "ARG"]
[WhiteElo "1397"]
[WhiteRD "70"]
[BlackElo "1474"]
[BlackRD "66"]
[GameID "60520"]

1. e4 e5 2. Nf3 Nc6 3. Bc4 Nf6 4. Ng5 d5 5. exd5 Nxd5 6. Qf3 Qxg5 7. Bxd5 Nd8 8. Nc3 Bg4 9. Qd3 c6 10. h3 Bf5
11. Be4 Bxe4 12. Nxe4 Qxg2 13. Ng3 Bc5 14. Rf1 Ne6 15. Ne4 Rd8 16. Qb3 Qxe4+ 17. Kd1 Nd4 18. Re1 Nxb3 19. Rxe4 Nxa1 20. Rxe5+ Be7
21. b3 Rd5 22. Re4 f5 23. Re2 Kd7 24. Bb2 Bf6 25. c3 Re8 26. Bxa1 Rxe2 27. Kxe2 Re5+ 28. Kd1 f4 29. f3 Bh4 30. Kc2 Rh5
31. c4 Bf6 32. Bxf6 gxf6 33. a4 Rxh3 34. Kd3 Rxf3+ 35. Ke4 Rf1 36. d4 f3 37. Ke3 h5 38. Kf4 h4 39. Kg4 h3 40. Kxh3 Rg1
41. d5 cxd5 42. c5 f2
0-1

[Event "14th SC 1400/1800"]
[Site "SchemingMind.com"]
[Date "2006.07.21"]
[Round "-"]
[White "norlavuaram"]
[Black "keen"]
[Result "1/2-1/2"]
[WhiteCountry "PER"]
[BlackCountry "SCO"]
[WhiteElo "1778"]
[WhiteRD "75"]
[BlackElo "1789"]
[BlackRD "67"]
[GameID "60525"]

1. e4 d5 2. exd5 Qxd5 3. Nc3 Qd6 4. d4 a6 5. Nf3 Bg4 6. Be2 Nf6 7. O-O Nc6 8. Be3 O-O-O 9. Qd2 e5 10. Ng5 Be6
11. Nxe6 Qxe6 12. d5 Nxd5 13. Nxd5 Qxd5 14. Bg4+ Kb8 15. Qxd5 Rxd5 16. Bf3 Rd6 17. c3 g6 18. Rad1 f5 19. Be2 Be7 20. Rxd6 Bxd6
21. Rd1 Rd8 22. Bg5 Re8 23. Bc4 e4 24. Bf7 Rf8 25. Bd5=
1/2-1/2

[Event "14th SC 1400/1800"]
[Site "SchemingMind.com"]
[Date "2006.07.21"]
[Round "-"]
[White "norlavuaram"]
[Black "Tipperary"]
[Result "1-0"]
[WhiteCountry "PER"]
[BlackCountry "IRL"]
[WhiteElo "1789"]
[WhiteRD "79"]
[BlackElo "1327"]
[BlackRD "69"]
[GameID "60526"]

1. e4 Nc6 2. d4 e5 3. d5 Na5 4. c3 b6 5. Nf3 f6 6. Nxe5 fxe5 7. Qh5+ g6 8. Qxe5+ Qe7 9. Qxh8 Qxe4+ 10. Be3 Qxd5
11. Nd2 Qf7 12. Qe5+ Ne7 13. O-O-O Qxa2 14. Bd3 Nc6 15. Qh8 d6 16. Qxh7 Ne5 17. Bb1 Qa1 18. Nb3 Qa4 19. Nd4 Bg4 20. f3 Bd7
21. h4 O-O-O 22. h5 c5 23. Ne2 Nf5 24. Bg5 Qa1 25. Bxd8 Nc4 26. Rd2 Nxd2 27. Kxd2 Qxb2+ 28. Bc2 Kxd8 29. Qxg6 Bh6+ 30. f4 Qa2
31. Qf6+ Kc7 32. g4 Qd5+ 33. Bd3 Bxf4+ 34. Nxf4 Qxh1 35. Bxf5
1-0

[Event "14th SC 1400/1800"]
[Site "SchemingMind.com"]
[Date "2006.07.21"]
[Round "-"]
[White "norlavuaram"]
[Black "Negrito19"]
[Result "1-0"]
[WhiteCountry "PER"]
[BlackCountry "ARG"]
[WhiteElo "1778"]
[WhiteRD "75"]
[BlackElo "1509"]
[BlackRD "62"]
[GameID "60527"]

1. e4 e5 2. Nf3 Nc6 3. Bb5 Nf6 4. O-O Nb4 5. Nc3 a6 6. Ba4 b5 7. Bb3 Bb7 8. Nxe5 d5 9. exd5 Nbxd5 10. Nxd5 Nxd5
11. Re1 Be7 12. d4 O-O 13. c3 f6 14. Nd3 a5 15. Bc2 Nb6 16. Nf4 f5 17. Bb3+ Kh8 18. Qh5 Rf6 19. Re6 Bd5 20. Rxf6 Bxf6
21. Nxd5 Nxd5 22. Qxf5 c6 23. Bc2 g6 24. Qf3 Qd6 25. Be3 Rf8 26. Re1 Bh4 27. Qe2 Nxe3 28. fxe3 Rf2 29. Qg4 Rxc2 30. Qxh4 Qd5
31. Qg3 Rxb2 32. Rf1 Rxa2 33. Qb8+ Kg7 34. Qf8#
1-0

[Event "14th SC 1400/1800"]
[Site "SchemingMind.com"]
[Date "2006.07.21"]
[Round "-"]
[White "keen"]
[Black "norlavuaram"]
[Result "0-1"]
[WhiteCountry "SCO"]
[BlackCountry "PER"]
[WhiteElo "1789"]
[WhiteRD "67"]
[BlackElo "1778"]
[BlackRD "75"]
[GameID "60528"]

1. Nf3 Nf6 2. c4 c5 3. Nc3 Nc6 4. d4 cxd4 5. Nxd4 e5 6. Nxc6 bxc6 7. Bg5 Be7 8. e3 O-O 9. Be2 Rb8 10. Qc2 d5
11. Rd1 Be6 12. cxd5 cxd5 13. O-O Qa5 14. Rfe1 Rfc8 15. Bxf6 Bxf6 16. Bf3 d4 17. Qa4 Qxa4 18. Nxa4 Bxa2 19. exd4 Bb3 20. Ra1 exd4
21. Bd1 Bxa4 22. Rxa4 Rxb2 23. Rxa7 g6 24. h3 Rc1 25. Ra6 Bg5 26. Rd6 Rd2
0-1

[Event "14th SC 1400/1800"]
[Site "SchemingMind.com"]
[Date "2006.07.26"]
[Round "-"]
[White "Tipperary"]
[Black "norlavuaram"]
[Result "0-1"]
[WhiteCountry "IRL"]
[BlackCountry "PER"]
[WhiteElo "1327"]
[WhiteRD "69"]
[BlackElo "1789"]
[BlackRD "79"]
[GameID "60529"]

1. Nh3 d5 2. d4 Nf6 3. Bf4 Nc6 4. c3 g6 5. e3 Bg7 6. Bd3 O-O 7. Na3 Re8 8. Nb5 e5 9. Bg5 a6 10. dxe5 Nxe5
11. Bxf6 Bxf6 12. Nd4 Nxd3+ 13. Qxd3 c5 14. Nf3 Bf5 15. Qd2 d4 16. c4 dxe3 17. Qxd8 exf2+ 18. Kxf2 Raxd8 19. Nf4 Bxb2 20. Rae1 Rxe1
21. Rxe1 b5 22. g4 Bxg4 23. h3 Bxf3 24. Kxf3 bxc4 25. Ne2 c3 26. Rb1 Rd3+ 27. Ke4 Rxh3 28. Nc1 Rh1 29. Rxb2 cxb2
0-1

[Event "14th SC 1400/1800"]
[Site "SchemingMind.com"]
[Date "2006.07.21"]
[Round "-"]
[White "Negrito19"]
[Black "norlavuaram"]
[Result "0-1"]
[WhiteCountry "ARG"]
[BlackCountry "PER"]
[WhiteElo "1509"]
[WhiteRD "62"]
[BlackElo "1778"]
[BlackRD "75"]
[GameID "60530"]

1. e4 e5 2. Bc4 Nf6 3. Nc3 Nc6 4. Nf3 Bc5 5. Ng5 O-O 6. Qf3 d5 7. exd5 Nd4 8. Qd3 Bf5 9. Qg3 Nxc2+ 10. Kd1 Nxa1
11. Qxe5 Bc2+ 12. Ke1 Re8 13. Ne6 fxe6 14. dxe6 Qe7 15. d4 Bb4 16. Bd2 Bg6 17. Ke2 Nc2 18. Nb5 Bd6 19. Qg5 a6 20. Nc3 Nxd4+
21. Kd1 Ne4 22. Nxe4 Bxe4 23. Qg4 Bc2+ 24. Kc1 c5 25. Bc3 Bf5 26. Qh5 Bf4+ 27. Bd2 Bxd2+ 28. Kxd2 Rad8 29. Kc3 b5 30. g4 Bg6
31. Qe5 bxc4 32. h4 Qf6 33. Qxf6 gxf6 34. h5 Be4 35. Rg1 Bd3 36. g5 Ne2+ 37. Kd2 Nxg1 38. gxf6 Rxe6
0-1

[Event "14th SC 1400/1800"]
[Site "SchemingMind.com"]
[Date "2006.07.21"]
[Round "-"]
[White "klesley"]
[Black "norlavuaram"]
[Result "1-0"]
[WhiteCountry "USA"]
[BlackCountry "PER"]
[WhiteElo "1696"]
[WhiteRD "78"]
[BlackElo "1778"]
[BlackRD "75"]
[GameID "60532"]

1. d4 Nf6 2. c4 d6 3. Nc3 g6 4. e4 Bg7 5. Nf3 O-O 6. Be2 e5 7. O-O Nc6 8. d5 Ne7 9. b4 Ne8 10. Nd2 f5
11. c5 Nf6 12. Bd3 dxc5 13. bxc5 f4 14. Bb2 g5 15. h3 Ng6 16. Nf3 g4 17. hxg4 Bxg4 18. Ba3 Rf7 19. Bc4 Nh5 20. d6 Nh4
21. Bxf7+ Kxf7 22. dxc7 Qxc7 23. Qb3+ Be6 24. Ng5+
1-0

[Event "14th SC 1400/1800"]
[Site "SchemingMind.com"]
[Date "2006.07.21"]
[Round "-"]
[White "klesley"]
[Black "keen"]
[Result "0-1"]
[WhiteCountry "USA"]
[BlackCountry "SCO"]
[WhiteElo "1657"]
[WhiteRD "81"]
[BlackElo "1780"]
[BlackRD "66"]
[GameID "60533"]

1. d4 Nf6 2. c4 g6 3. d5 Bg7 4. Nc3 O-O 5. e4 d6 6. h3 c6 7. b4 Nxe4 8. Nxe4 Bxa1 9. Bh6 Bg7 10. Bxg7 Kxg7
11. Be2 Nd7 12. Nf3 a5 13. a3 axb4 14. axb4 c5 15. b5 Qa5+ 16. Nfd2 Qa1 17. O-O Qxd1 18. Rxd1 Nb6 19. g4 h5 20. Ng5 hxg4
21. hxg4 Rh8 22. f3 Bd7 23. Kg2 Ra2 24. Kg3 Rha8 25. Bd3 Rb2 26. Nge4 f5 27. gxf5 Bxf5 28. Kf4 Nd7 29. Bf1 Ne5 30. Kg5 Bxe4
31. fxe4 Rxd2 32. Rxd2 Nf3+
0-1

[Event "14th SC 1400/1800"]
[Site "SchemingMind.com"]
[Date "2006.07.21"]
[Round "-"]
[White "klesley"]
[Black "Tipperary"]
[Result "1-0"]
[WhiteCountry "USA"]
[BlackCountry "IRL"]
[WhiteElo "1738"]
[WhiteRD "80"]
[BlackElo "1327"]
[BlackRD "67"]
[GameID "60534"]

1. d4 e6 2. c4 Bb4+ 3. Bd2 c5 4. Bxb4 cxb4 5. Nf3 Nf6 6. g3 Qa5 7. b3 Ne4 8. Bg2 Nc3 9. Nxc3 bxc3 10. O-O Qf5
11. Rc1 Nc6 12. Rxc3 O-O 13. Qd2 h6 14. Re1 e5 15. d5 Nb4 16. a3 Na6 17. b4 g5 18. Qd3 e4 19. Nd4 exd3 20. Nxf5 dxe2
21. Rxe2 d6 22. Nxd6 Bg4 23. Re7 Rab8 24. h3 Bh5 25. Rxb7 Rbd8 26. Nf5 Kh7 27. Rxa7 Nb8 28. c5 Rfe8 29. Nd6 Re1+ 30. Kh2 Rd7
31. Rxd7 Nxd7 32. c6 Ne5 33. c7 g4 34. c8=Q gxh3 35. Be4+ Bg6 36. Bxg6+ Nxg6 37. Nxf7
1-0

[Event "14th SC 1400/1800"]
[Site "SchemingMind.com"]
[Date "2006.07.21"]
[Round "-"]
[White "klesley"]
[Black "Negrito19"]
[Result "1-0"]
[WhiteCountry "USA"]
[BlackCountry "ARG"]
[WhiteElo "1657"]
[WhiteRD "81"]
[BlackElo "1474"]
[BlackRD "66"]
[GameID "60535"]

1. d4 Nf6 2. c4 d5 3. cxd5 Qxd5 4. Nc3 Qc6 5. e4 e6 6. Bb5 Bd7 7. Bxc6 Nxc6 8. Bg5 Be7 9. Nf3 O-O-O 10. e5 Ng4
11. Bxe7 Nxe7 12. Ng5 Nh6 13. Qf3 Nef5 14. O-O-O Bc6 15. d5 exd5 16. Nxd5 f6 17. Nf7 Nxf7 18. Qxf5+ Kb8 19. Ne7 Rde8 20. exf6 g6
21. Nxc6+ bxc6 22. Qd7 Ne5 23. Qe7 Rxe7 24. fxe7 Kc8 25. Rhe1 Nf7 26. e8=Q+ Rxe8 27. Rxe8+ Kb7 28. Rd7 Nd6 29. Ree7 Nb5 30. Rxh7 c5
31. a4 Nd4 32. Rxc7+ Kb6 33. Rxa7 Nb3+ 34. Kc2 Na5 35. Rag7 g5 36. Rh6+ Nc6 37. Rxg5 Kb7 38. Rxc5 Nb4+ 39. Kb3 Na6 40. Rb5+ Ka7
41. Ra5 Kb7 42. Raxa6 Kc7 43. Rag6 Kd8 44. Rg7
1-0

[Event "14th SC 1400/1800"]
[Site "SchemingMind.com"]
[Date "2006.07.21"]
[Round "-"]
[White "norlavuaram"]
[Black "klesley"]
[Result "0-1"]
[WhiteCountry "PER"]
[BlackCountry "USA"]
[WhiteElo "1754"]
[WhiteRD "79"]
[BlackElo "1738"]
[BlackRD "80"]
[GameID "60536"]

1. e4 c6 2. d4 d5 3. Nd2 dxe4 4. Nxe4 Nd7 5. Nf3 Ngf6 6. Neg5 h6 7. Nh3 Nb6 8. Bd3 g5 9. Nhg1 Bg4 10. h3 Bxf3
11. Nxf3 Bg7 12. c3 O-O 13. O-O Nbd5 14. Ne5 Nd7 15. f4 gxf4 16. Bxf4 Nxf4 17. Rxf4 Bxe5 18. dxe5 Nxe5 19. Rd4 Qb6 20. Kh1 Nxd3
21. Qxd3 Qxb2 22. Rg4+ Kh8 23. Rf1 Qb5 24. Qd4+ f6 25. Qf4 Qh5 26. Rh4 Qg5 27. Rxh6+ Kg7 28. Qxg5+ fxg5 29. Rxf8 Rxf8 30. Re6 Rf1+
31. Kh2 Kf7 32. Re5 Kf6 33. Re2 e5 34. Rb2 b5 35. Kg3 Rf4 36. Rd2 Ke7 37. Re2 Ke6 38. Rd2 Ke7 39. Re2 e4 40. Kh2 Kd6
41. g3 Rf3 42. Rxe4 Rxc3 43. a4 Rc4
0-1

[Event "14th SC 1400/1800"]
[Site "SchemingMind.com"]
[Date "2006.07.21"]
[Round "-"]
[White "keen"]
[Black "klesley"]
[Result "1/2-1/2"]
[WhiteCountry "SCO"]
[BlackCountry "USA"]
[WhiteElo "1780"]
[WhiteRD "66"]
[BlackElo "1657"]
[BlackRD "81"]
[GameID "60537"]

1. e4 c6 2. d4 d5 3. Nc3 dxe4 4. Nxe4 Nf6 5. Nxf6+ exf6 6. Nf3 Bd6 7. Be2 Bg4 8. O-O O-O 9. c3 Qc7 10. h3 Bxf3
11. Bxf3 Nd7 12. Be3 f5 13. Qc2 g6 14. Bh6 Rfe8 15. Rfe1 Bf4 16. Bxf4 Qxf4 17. Qc1 Qxc1 18. Raxc1 Nf6 19. Kf1 h5 20. Rcd1 Kf8
21. c4 Rxe1+ 22. Rxe1 Rd8 23. d5 cxd5 24. cxd5 g5 25. g3 g4 26. hxg4 fxg4 27. Bg2 Nd7 28. b3 f5 29. Re6 Kf7 30. Rd6 b6
31. b4 Ke7 32. Re6+ Kf7 33. Rd6 Ke7 34. Re6+ Kf7 35. Rd6 Ke7 36. Re6+=
1/2-1/2

[Event "14th SC 1400/1800"]
[Site "SchemingMind.com"]
[Date "2006.07.26"]
[Round "-"]
[White "Tipperary"]
[Black "klesley"]
[Result "0-1"]
[WhiteCountry "IRL"]
[BlackCountry "USA"]
[WhiteElo "1365"]
[WhiteRD "67"]
[BlackElo "1696"]
[BlackRD "78"]
[GameID "60538"]

1. Nf3 d5 2. d4 c5 3. e3 e6 4. Ne5 f6 5. Bb5+ Bd7 6. Qh5+ Ke7 7. Bxd7 fxe5 8. Ba4 Qa5+ 9. Nc3 b5 10. Qxe5 bxa4
11. Bd2 cxd4 12. b4 axb3 13. cxb3 dxc3 14. Bxc3 Qc5 15. O-O Nd7 16. Bd4 Nxe5 17. Bxc5+ Kf6 18. Bd4 Kf5 19. Rac1 Nf6 20. f4 Nd3
21. Rcd1 Nb4 22. Rd2 Nc6 23. h3 Bb4 24. g4+ Ke4 25. Re2 Rhe8 26. f5 Nxd4 27. Rf4+ Kd3 28. Rxd4+ Kxe2 29. Rxb4 exf5 30. g5 Ne4
31. h4 Nc3 32. Rf4 g6 33. Rd4 Rxe3 34. Kg2 Re4 35. Rxe4+ dxe4 36. a4 Rd8 37. a5 Rd4
0-1

[Event "14th SC 1400/1800"]
[Site "SchemingMind.com"]
[Date "2006.07.21"]
[Round "-"]
[White "Negrito19"]
[Black "klesley"]
[Result "1-0"]
[WhiteCountry "ARG"]
[BlackCountry "USA"]
[WhiteElo "1474"]
[WhiteRD "66"]
[BlackElo "1657"]
[BlackRD "81"]
[GameID "60539"]

1. e4 c6 2. Bc4 d5 3. exd5 cxd5 4. Bb3 e5 5. d3 Nf6 6. Nf3 Bd6 7. O-O Bg4 8. h3 Bxf3 9. Qxf3 Bc5 10. Bg5 Nc6
11. Bxd5 Qxd5 12. Qxd5 Nxd5 13. a3 f6 14. c4 Nf4 15. Bxf4 exf4 16. Re1+ Kf7 17. Nc3 Ne5 18. Red1 Rhd8 19. Nd5 g5 20. b4 Bd4
21. Rab1 a6 22. Nc7 Rac8 23. Nd5 b5 24. Rbc1 bxc4 25. dxc4 Bb2 26. Rc2 Bxa3 27. Ra2 Bxb4 28. Rxa6 Rxc4 29. Rxf6+ Kg7 30. Rf5 Nf7
31. Ra1 Rd7 32. Nb6 Nh6 33. Rxg5+ Kf6 34. h4 Nf7 35. Nxd7+ Ke6 36. Rg7 Kxd7 37. Rxf7+ Ke6 38. Rxh7 Bd2 39. h5 Rc6 40. Rd1 Rc1
41. Rxc1 Bxc1 42. Rg7 Kf6 43. Rg8 Kf7 44. Rg4 f3 45. gxf3 Bh6 46. f4 Ke7 47. f5
1-0

[Event "14th SC 1400/1800"]
[Site "SchemingMind.com"]
[Date "2006.07.22"]
[Round "-"]
[White "Neutrino"]
[Black "klesley"]
[Result "0-1"]
[WhiteCountry "EGY"]
[BlackCountry "USA"]
[WhiteElo "1463"]
[WhiteRD "82"]
[BlackElo "1696"]
[BlackRD "78"]
[GameID "60603"]

1. d4 Nf6 2. c4 e6 3. Nc3 Bb4 4. f3 d5 5. a3 Bxc3+ 6. bxc3 Nc6 7. cxd5 Nxd5 8. Qc2 O-O 9. e4 Nb6 10. Bd3 a6
11. Ne2 Bd7 12. O-O e5 13. Be3 exd4 14. cxd4 Ne7 15. Nf4 Ba4 16. Qc3 c6 17. Rfb1 Bb5 18. Bxb5 axb5 19. Qe1 Nc4 20. Bf2 Nxa3
21. Rb2 Nc4 22. Rba2 Rxa2
0-1

[Event "14th SC 1400/1800"]
[Site "SchemingMind.com"]
[Date "2006.07.22"]
[Round "-"]
[White "Neutrino"]
[Black "norlavuaram"]
[Result "0-1"]
[WhiteCountry "EGY"]
[BlackCountry "PER"]
[WhiteElo "1463"]
[WhiteRD "82"]
[BlackElo "1778"]
[BlackRD "75"]
[GameID "60604"]

1. d4 Nf6 2. c4 g6 3. Nc3 Bg7 4. e4 d6 5. Nf3 O-O 6. Be2 e5 7. dxe5 dxe5 8. Qxd8 Rxd8 9. Bg5 Nc6 10. Nd5 Rd6
11. Nxf6+ Bxf6 12. Bxf6 Rxf6
0-1

[Event "14th SC 1400/1800"]
[Site "SchemingMind.com"]
[Date "2006.07.22"]
[Round "-"]
[White "Neutrino"]
[Black "keen"]
[Result "0-1"]
[WhiteCountry "EGY"]
[BlackCountry "SCO"]
[WhiteElo "1463"]
[WhiteRD "82"]
[BlackElo "1789"]
[BlackRD "67"]
[GameID "60605"]

1. d4 Nf6 2. c4 g6 3. Nc3 Bg7 4. e4 d6 5. Nf3 O-O 6. Be2 c5 7. d5 e6 8. O-O Na6 9. a3 Nc7 10. Re1 a6
11. b4 Nxe4 12. Nxe4 Bxa1 13. bxc5 dxc5 14. Nxc5 Bg7 15. d6 Ne8 16. d7 Bc3 17. dxc8=Q Qxc8 18. Nd7 Bxe1 19. Nxf8 Bxf2+ 20. Kxf2 Kxf8
21. Bh6+ Kg8
0-1

[Event "14th SC 1400/1800"]
[Site "SchemingMind.com"]
[Date "2006.07.22"]
[Round "-"]
[White "Neutrino"]
[Black "Tipperary"]
[Result "1-0"]
[WhiteCountry "EGY"]
[BlackCountry "IRL"]
[WhiteElo "1463"]
[WhiteRD "82"]
[BlackElo "1365"]
[BlackRD "67"]
[GameID "60606"]

1. d4 f6 2. e4 Nc6 3. c4 e5 4. Nf3 Bb4+ 5. Nc3 Nh6 6. Bxh6 gxh6 7. a3 Bxc3+ 8. bxc3 Qe7 9. d5 Na5 10. Be2 d6
11. Qa4+ c6 12. Qxa5 cxd5 13. cxd5 b6 14. Qa4+
1-0

[Event "14th SC 1400/1800"]
[Site "SchemingMind.com"]
[Date "2006.07.22"]
[Round "-"]
[White "Neutrino"]
[Black "Negrito19"]
[Result "0-1"]
[WhiteCountry "EGY"]
[BlackCountry "ARG"]
[WhiteElo "1463"]
[WhiteRD "82"]
[BlackElo "1509"]
[BlackRD "62"]
[GameID "60607"]

1. d4 d5 2. c4 e6 3. Nc3 b6 4. cxd5 exd5 5. Nf3 Nf6 6. Bg5 h6 7. Bh4 g5 8. Bg3 Bd6 9. Bxd6 Qxd6 10. e3 Bg4
11. Be2 Nc6 12. O-O Bxf3 13. Bxf3 O-O-O 14. Qc2 Nb4 15. Qf5+ Rd7 16. Nb5 Qe6 17. Qxe6 fxe6 18. Nxa7+ Kb7 19. Nb5 g4 20. Be2 Ne4
21. Bxg4 Nd2 22. Bxe6 Re7
0-1

[Event "14th SC 1400/1800"]
[Site "SchemingMind.com"]
[Date "2006.07.22"]
[Round "-"]
[White "klesley"]
[Black "Neutrino"]
[Result "1-0"]
[WhiteCountry "USA"]
[BlackCountry "EGY"]
[WhiteElo "1696"]
[WhiteRD "78"]
[BlackElo "1463"]
[BlackRD "82"]
[GameID "60608"]

1. d4 d5 2. c4 c6 3. Nf3 Nf6 4. Nc3 e6 5. Bg5 Nbd7 6. Ne5 Be7 7. Nxd7 Bxd7 8. Bxf6 Bxf6 9. e3 c5 10. cxd5 cxd4
11. Ne4 O-O 12. dxe6 Bxe6 13. Nxf6+ Qxf6 14. Qxd4 Qxd4 15. exd4 Rfd8 16. Be2 Rxd4 17. O-O Rd2 18. Bf3 Rxb2 19. a3 Rd8 20. Rfd1 Rxd1+
21. Rxd1 Kf8 22. h3
1-0

[Event "14th SC 1400/1800"]
[Site "SchemingMind.com"]
[Date "2006.07.24"]
[Round "-"]
[White "norlavuaram"]
[Black "Neutrino"]
[Result "1-0"]
[WhiteCountry "PER"]
[BlackCountry "EGY"]
[WhiteElo "1778"]
[WhiteRD "75"]
[BlackElo "1463"]
[BlackRD "82"]
[GameID "60609"]

1. e4 c5 2. Nf3 d6 3. Bb5+ Bd7 4. Bxd7+ Qxd7 5. c4 Nf6 6. Nc3 Nc6 7. d4 cxd4 8. Nxd4 g6 9. O-O Bg7 10. Nde2 O-O
11. h3 Rfd8 12. Be3 e6 13. Qd2
1-0

[Event "14th SC 1400/1800"]
[Site "SchemingMind.com"]
[Date "2006.07.22"]
[Round "-"]
[White "keen"]
[Black "Neutrino"]
[Result "1-0"]
[WhiteCountry "SCO"]
[BlackCountry "EGY"]
[WhiteElo "1789"]
[WhiteRD "67"]
[BlackElo "1463"]
[BlackRD "82"]
[GameID "60610"]

1. Nf3 d5 2. c4 e6 3. d4 Nf6 4. Nc3 Bb4 5. Bg5 dxc4 6. Qc2 O-O 7. e3 b5 8. a3 Bxc3+ 9. Qxc3 Bb7 10. Be2 Nbd7
11. O-O c5 12. dxc5 Nxc5 13. Rfd1 Qe7 14. Qb4 Nb3 15. Qxe7
1-0

[Event "14th SC 1400/1800"]
[Site "SchemingMind.com"]
[Date "2006.07.26"]
[Round "-"]
[White "Tipperary"]
[Black "Neutrino"]
[Result "0-1"]
[WhiteCountry "IRL"]
[BlackCountry "EGY"]
[WhiteElo "1327"]
[WhiteRD "67"]
[BlackElo "1487"]
[BlackRD "85"]
[GameID "60611"]

1. e3 e5 2. Nc3 Nf6 3. Qf3 Nc6 4. Bc4 Bc5 5. Nd5 O-O 6. Nh3 Nxd5 7. Bxd5 d6 8. d4 exd4 9. exd4 Nxd4 10. Qe4 Re8
11. Bxf7+ Kxf7 12. Ng5+ Kg8 13. Rb1 Rxe4+ 14. Nxe4 Nxc2+ 15. Ke2 Qe8 16. Kd3 Nb4+
0-1

[Event "14th SC 1400/1800"]
[Site "SchemingMind.com"]
[Date "2006.07.23"]
[Round "-"]
[White "Negrito19"]
[Black "Neutrino"]
[Result "1-0"]
[WhiteCountry "ARG"]
[BlackCountry "EGY"]
[WhiteElo "1509"]
[WhiteRD "62"]
[BlackElo "1463"]
[BlackRD "82"]
[GameID "60612"]

1. e4 c5 2. Bc4 d6 3. Nc3 e6 4. d4 cxd4 5. Qxd4 Nc6 6. Bb5 Bd7 7. Qe3 Be7 8. Nf3 Nf6 9. h3 a6 10. Bxc6 Bxc6
11. O-O O-O 12. Rd1 Qc7 13. e5 dxe5 14. Nxe5 Rfd8 15. Rxd8+ Rxd8 16. Qg3 Bd6 17. Bf4 Nh5 18. Qg5 Nxf4 19. Nxc6 Qxc6 20. Qxd8+
1-0